Private interests and public policy: the experience of the French Economic and Social Council (Record no. 367953)

000 -LEADER
fixed length control field 00477cam a22001457a 4500
008 - FIXED-LENGTH DATA ELEMENTS--GENERAL INFORMATION
fixed length control field 180718b1966 xxu||||| |||| 00| 0 eng d
082 ## - DEWEY DECIMAL CLASSIFICATION NUMBER
Classification number T000x44 H335
100 ## - MAIN ENTRY--PERSONAL NAME
Personal name Hayward, J.E.S.
245 ## - TITLE STATEMENT
Title Private interests and public policy: the experience of the French Economic and Social Council
Statement of responsibility, etc. by J.E.S. Hayward
260 ## - PUBLICATION, DISTRIBUTION, ETC.
Place of publication, distribution, etc. London
Name of publisher, distributor, etc. Longmans
Date of publication, distribution, etc. 1966
300 ## - PHYSICAL DESCRIPTION
Extent 115p.
500 ## - GENERAL NOTE
General note 15/-
650 ## - SUBJECT ADDED ENTRY--TOPICAL TERM
Topical term or geographic name entry element France - Economic and Social Council
650 ## - SUBJECT ADDED ENTRY--TOPICAL TERM
Topical term or geographic name entry element Economic Planning - France
Holdings
Withdrawn status Lost status Damaged status Not for loan Permanent Location Current Location Date acquired Full call number Barcode Date last seen Price effective from Koha item type
        Indian Institute of Public Administration Indian Institute of Public Administration 1994-05-18 T000x44 H335 40691 2018-07-21 2018-07-21 Book

Powered by Koha